| Tag |
First Indicator |
Second Indicator |
Subfields |
| LEADER |
00000cam a22000001a 4500 |
| 001 |
in00003284813 |
| 006 |
m d f |
| 007 |
cr bn mmmapmmp |
| 008 |
110909s2006 dcu ob f000 0 eng d |
| 005 |
20260604203350.6 |
| 035 |
|
|
|a chdc200600120
|
| 040 |
|
|
|a ProQuest
|c ProQuest
|d UtOrBLW
|
| 043 |
|
|
|a n-us---
|
| 074 |
|
|
|a 1015-A
|
| 074 |
|
|
|a 1015-A (online)
|
| 074 |
|
|
|a 1015-B (MF)
|
| 074 |
|
|
|a 1015-B (online)
|
| 088 |
|
|
|a Serial no. 109-52 (United States. Congress. House. Committee on Education and the Workforce)
|
| 099 |
|
|
|a HRG-2006-HEW-0030
|
| 110 |
1 |
|
|a United States.
|b Congress.
|b House.
|b Committee on Education and the Workforce.
|b Subcommittee on Workforce Protections.
|
| 245 |
1 |
0 |
|a Immigration :
|b economic impact on American workers and their wages : field hearing before the Subcommittee on Workforce Protections of the Committee on Education and the Workforce, U.S. House of Representatives, One Hundred Ninth Congress, second session, August 14, 2006, in Gainesville, Georgia.
|
| 246 |
3 |
0 |
|a Economic impact on American workers and their wages
|
| 264 |
|
1 |
|a Washington :
|b U.S. G.P.O. :
|c 2006.
|
| 264 |
|
2 |
|a Washington :
|b For sale by the Supt. of Docs., U.S. G.P.O.,
|
| 300 |
|
|
|a 1 online resource.
|
| 336 |
|
|
|a text
|b txt
|2 rdacontent
|
| 337 |
|
|
|a computer
|b c
|2 rdamedia
|
| 338 |
|
|
|a online resource
|b cr
|2 rdacarrier
|
| 500 |
|
|
|a "Printed for the use of the Committee on Education and the Workforce."
|
| 500 |
|
|
|a Shipping list number: 2007-0232-P.
|
| 500 |
|
|
|a Distributed to some depository libraries in microfiche.
|
| 500 |
|
|
|a "Serial number 109-52."
|
| 504 |
|
|
|a Includes bibliographical references.
|
| 530 |
|
|
|a Also available via Internet from the GPO Access web site. Addresses as of 5/3/07: http://frwebgate.access.gpo.gov/cgi-bin/getdoc.cgi?dbname=109%5Fhouse%5Fhearings&docid=f:29475.wais (text version) and http://frwebgate.access.gpo.gov/cgi-bin/getdoc.cgi?dbname=109%5Fhouse%5Fhearings&docid=f:29475.pdf (PDF version); current access is available via PURLs.
|
| 500 |
|
|
|a Reuse of record except for individual research requires license from ProQuest, LLC.
|
| 500 |
|
|
|a Electronic resource.
|
| 538 |
|
|
|a System requirements: PDF reader software.
|
| 650 |
|
0 |
|a Foreign workers
|x Economic aspects
|z United States.
|
| 650 |
|
0 |
|a Noncitizens
|x Employment
|x Economic aspects
|z United States.
|
| 650 |
|
0 |
|a Illegal immigration
|z United States.
|
| 650 |
|
0 |
|a Immigrants
|x Employment
|x Economic aspects
|z United States.
|
| 651 |
|
0 |
|a United States
|x Emigration and immigration
|x Economic aspects.
|
| 655 |
|
7 |
|a Electronic books.
|2 local
|
| 710 |
2 |
|
|a ProQuest (Firm)
|
| 776 |
0 |
8 |
|i Print version:
|a United States.Congress.House.Committee on Education and the Workforce.Subcommittee on Workforce Protections.
|t Immigration
|w (DLC)2009376700
|w (OCoLC)ocm79473722
|z 0160774012
|z 9780160774010
|
| 776 |
0 |
8 |
|i Microfiche version:
|a United States.Congress.House.Committee on Education and the Workforce.Subcommittee on Workforce Protections.
|t Immigration
|d [Bethesda, Md.] : ProQuest LLC, [2004]
|o CIS 2006 H341-23
|w (ProQuest)cis00600212
|
| 830 |
|
0 |
|a U.S. Congressional Hearings.
|
| 856 |
4 |
0 |
|u http://proxy.library.tamu.edu/login?url=https://congressional.proquest.com/congcomp/getdoc?HEARING-ID=HRG-2006-HEW-0030
|z Connect to the full text of this electronic book
|t 0
|
| 998 |
|
|
|a cis00600212
|
| 999 |
|
|
|a MARS
|
| 999 |
f |
f |
|s 77f948f9-2de5-3bf2-b969-038ae2775151
|i e12a391f-c8c3-3ef8-94aa-c738f98f1c75
|t 0
|
| 952 |
f |
f |
|a Texas A&M University
|b College Station
|c Electronic Resources
|s www_evans
|d Available Online
|t 0
|e HRG-2006-HEW-0030
|h Other scheme
|
| 998 |
f |
f |
|a HRG-2006-HEW-0030
|t 0
|l Available Online
|